000 00455pab a2200157 454500
008 180718b2010 xxu||||| |||| 00| 0 eng d
100 _aBolton, Kerry Raymond
245 _aWater wars: rivalry over water resources: a potential cause of regional conflict in asia and the geopolitical implications
260 _c2010
300 _ap.52-83.
362 _aSpring
650 _aWater resources
773 _aWorld Affairs
908 _aN
909 _a86416
999 _c86416
_d86416